Las infancias y el tiempo : (Record no. 211631)
[ view plain ]
| 000 -CABECERA | |
|---|---|
| campo de control de longitud fija | 00805nam a2200253 a 4500 |
| 005 - FECHA Y HORA DE LA ÚLTIMA TRANSACCIÓN | |
| campo de control | 20240905063711.0 |
| 008 - DATOS DE LONGITUD FIJA--INFORMACIÓN GENERAL | |
| campo de control de longitud fija | 240826s2020 ag ||||fr|||| 000 0 spa d |
| 020 ## - NÚMERO INTERNACIONAL NORMALIZADO PARA LIBROS | |
| Número Internacional Normalizado del libro | 9789875387485 |
| 040 ## - FUENTE DE CATALOGACIÓN | |
| Agencia de catalogación original | MX-MxUPN |
| Idioma de catalogación | spa |
| Agencia que realiza la transcripción | MX-MxUPN |
| 041 0# - | |
| -- | spa |
| 050 14 - | |
| -- | RJ505 P6 |
| -- | L48 2020 |
| 100 1# - | |
| -- | Levin, Esteban |
| -- | 32084 |
| 245 14 - MENCIÓN DE TÍTULO | |
| Título | Las infancias y el tiempo : |
| Parte restante del título | diagnóstico y clínica en el país de nunca jamás |
| 250 ## - MENCIÓN DE EDICIÓN | |
| Mención de edición | 1a. edición. |
| 260 ## - PUBLICACION, DISTRIBUCION, ETC. (PIE DE IMPRENTA) | |
| Lugar de publicación, distribución, etc. | Buenos Aires, Argentina : |
| Nombre del editor, distribuidor, etc. | Noveduc, |
| Fecha de publicación, distribución, etc. | 2020 |
| 300 ## - DESCRIPCIÓN FÍSICA | |
| Extensión | 172 páginas |
| 490 0# - | |
| -- | Colección Conjunciones ; |
| -- | 61 |
| 650 #4 - | |
| -- | Terapia de juego |
| -- | 16940 |
| 650 #4 - | |
| -- | Psicoterapia infantil |
| -- | 15 |
| 902 ## - ELEMENTOS DE DATOS B LOCAL, LDB (RLIN) | |
| Creó | GCH260824 |
| Modificó | Víctor Ruiz/040924 |
| 942 ## - ELEMENTOS DE PUNTO DE ACCESO ADICIONAL (KOHA) | |
| Fuente del sistema de clasificación o colocación | Library of Congress Classification |
| Tipo de ítem Koha | Libro |
| Estado de retiro | Estado de pérdida | Fuente del sistema de clasificación o colocación | Estado dañado | No para préstamo | Código de colección | Localización permanente | Ubicación/localización actual | Ubicación en estantería | Fecha de adquisición | Signatura topográfica completa | Código de barras | Fecha visto por última vez | Precio válido a partir de | Tipo de ítem Koha | Número de copia |
|---|---|---|---|---|---|---|---|---|---|---|---|---|---|---|---|
| Library of Congress Classification | Colección General | Bib. Gregorio Torres Quintero | Bib. Gregorio Torres Quintero | Procesos técnicos | 26/08/2024 | RJ505 P6 L48 2020 | 339729 | 26/08/2024 | 26/08/2024 | Libro | |||||
| Library of Congress Classification | Colección General | Bib. Gregorio Torres Quintero | Bib. Gregorio Torres Quintero | Procesos técnicos | 26/08/2024 | RJ505 P6 L48 2020 | 339730 | 26/08/2024 | 26/08/2024 | Libro | Ej.2 | ||||
| Library of Congress Classification | Colección General | Bib. Gregorio Torres Quintero | Bib. Gregorio Torres Quintero | Procesos técnicos | 26/08/2024 | RJ505 P6 L48 2020 | 339731 | 26/08/2024 | 26/08/2024 | Libro | Ej.3 |
